000 00666nam a2200241Ia 4500
003 OSt
005 20220912151410.0
006 a|||||r|||| 00| 0
007 ta
008 220909b |||||||| |||| 00| 0 eng d
024 _a52600
037 _cTextual
040 _aCSL
_beng
_cCSL
041 _aeng
082 _aJ1:(I).2137, J3
100 _aKrishnamurthi S Ed.
245 0 _aHarticultural and economic plants of teh nilgiris
260 _aCoimbatore
_bCo-operative Printing Works
_c1953
300 _aiv,273p.
_ccm.
650 _aAgriculture
942 _hJ1:(I).2137, J3
_cTEXL
_2CC
999 _c67557
_d67557